Crop Post Harvest Science and Technology Volume-1 Principles and Practice (Record no. 3234)

MARC details
000 -LEADER
fixed length control field 00343nam a22001457a 4500
020 ## - INTERNATIONAL STANDARD BOOK NUMBER
International Standard Book Number 9780632057238
041 ## - LANGUAGE CODE
Language code of text/sound track or separate title ENG
100 ## - MAIN ENTRY--PERSONAL NAME
Personal name Petr Golob
245 ## - TITLE STATEMENT
Title Crop Post Harvest Science and Technology Volume-1 Principles and Practice
260 ## - PUBLICATION, DISTRIBUTION, ETC. (IMPRINT)
Place of publication, distribution, etc U.K
Name of publisher, distributor, etc Blackwell
Date of publication, distribution, etc 2002
300 ## - PHYSICAL DESCRIPTION
Extent 554
650 ## - SUBJECT ADDED ENTRY--TOPICAL TERM
Topical term or geographic name as entry element APE
700 ## - ADDED ENTRY--PERSONAL NAME
Personal name Farrell.G
856 ## - ELECTRONIC LOCATION AND ACCESS
Uniform Resource Identifier APE

No items available.

Contact Us: College of Agricultural Engineering and Technology, Dapoli, Dist.- Ratnagiri
Website: https://dbskkv.org Email: caetlibrary2015@gmail.com